000 01324nam a22002897a 4500
003 OSt
005 20240813142556.0
007 cr ||||||a|c|a
008 230130s2021 mx a|||fom||| 001 0 spa d
040 _erda
100 1 _9185990
_aHeribia Virués, Arturo
245 1 _aCondiciones de vida y educativas de los hijos de jornaleros de migrantes cañeros :
_bcaso Azucarera San Cristóbal, Ver. México /
_cpor Arturo Heribia Virués; director de tesis Ibis Sepúlveda González.
264 1 _aChapingo, México :
_bEl autor,
_c2021.
300 _a1 recurso en línea (159 páginas).
_btablas, figuras.
336 _2rdacontent
_atexto
_btxt
337 _2rdamedia
_acomputadora
_bc
338 _2rdacarrier
_arecurso en línea
_bcr
502 _bDCEAS
_cSociología
_d2021.
_gDOC
504 _aIncluye referencias bibliográficas: páginas 132-141.
650 4 _918658
_aCaña de azúcar
_xTrabajadores
_xVeracruz
650 4 _9126745
_aTrabajadores migrantes
_xCalidad de vida
650 4 _9186137
_aNiños de trabajadores migratorios
_xEducación
_zVeracruz
650 4 _9114501
_aTrabajo infantil
700 0 _aSepúlveda González, Ibis H.
_eDirector de tesis.
_9104479
856 _uhttp://10.13.5.2/tesis/td/2021_SR_Heribia_Virues_Arturo.pdf
_zDESCARGAR PDF
942 _2Clasificación Universidad Autónoma Chapingo
_cTD
999 _c218180
_d218180